000 nam a22 7a 4500
999 _c136743
_d136743
005 20170918110651.0
008 170918b mx ||||| |||| 00| 0 spa d
020 _a9789682456565
050 0 4 _aBJ1142
_bA48 1996
100 1 _aAlvarado, Martín E.
245 1 0 _aÉtica
_c/ Martín E. Alvarado.
250 _a1a ed.
260 _aMéxico :
_bTrillas,
_c1996.
300 _a149 p. ;
_c23 cm.
504 _aIncluye bibliografía.
650 7 _2lemb
_aEtica
650 7 _2lemb
_aConducta de vida
942 _2lcc
_cLIB